Engelsk ordlegging 4 - Statistics

General Stats
  • This quiz has been taken 58 times
  • The average score is 10 of 30
Answer Stats
Hint Answer % Correct
Jeg tror ikke det I don't think so
78%
Ved uhell Accidentally / By accident
56%
Hver gang Every time / Each time
56%
Gjøre narr av Make fun of
50%
Å slå opp (i et forhold) To break up
50%
Ta klesvasken Do the laundry
44%
Alle sammen Everyone / All of them
44%
Jeg vedder på I bet
44%
Det gjorde ham verre It made him worse
44%
Per definisjon By definition
39%
Ta oppvasken Do the dishes
39%
Det gjør det lett It makes it easy
39%
Med en gang Right away / At once
39%
Så langt So far
39%
Den andre The other one
39%
Først og fremst First of all
33%
Plass til en til Room for one more
33%
Det morsomme er The funny thing is
33%
Tross alt After all
28%
Til sammenligning In comparison
28%
Ta alt sammen Take it all / Take all of it
28%
Jeg ser for meg I imagine
22%
I tide On time
22%
Det er meningen at vi skal ... We are supposed to ...
22%
Hva det vil si å What it means to
22%
Ta abort Have an abortion
17%
Jeg har tenkt til å I'm thinking of
17%
Det bør holde That should do it / That will do
17%
Det sier seg selv It goes without saying
11%
Da (Den gang) At the time
6%
No matching quizzes found
Score Distribution
Percent of People with Each Score
Percentile by Number Answered
Your Score History
You have not taken this quiz